R.U.R. [Robots Universales Rossum] y el juego de los insectos / (Record no. 75294)

MARC details
000 -LEADER
campo de control de longitud fija 01040cam a2200313K 4500
001 - NÚMERO DE CONTROL
campo de control 41632
005 - FECHA Y HORA DE LA ÚLTIMA TRANSACCIÓN
campo de control 20230410130513.0
008 - DATOS DE LONGITUD FIJA--INFORMACIÓN GENERAL
campo de control de longitud fija 890213s1966 sp 000 0 spa d
035 ## - NÚMERO DE CONTROL DEL SISTEMA
Número de control de sistema (OCoLC)ocm19173939
040 ## - FUENTE DE CATALOGACIÓN
Centro catalogador/agencia de origen YKC
Centro/agencia transcriptor YKC
Centro/agencia modificador OCLCQ
035 ## - NÚMERO DE CONTROL DEL SISTEMA
Número de control de sistema (OCoLC)19173939
041 1# - CÓDIGO DE IDIOMA
Código de lengua del texto/banda sonora o título independiente spa
Código de lengua original eng
050 14 - SIGNATURA TOPOGRÁFICA DE LA BIBLIOTECA DEL CONGRESO
Número de clasificación PG 5038
Número de ítem C237r 1966
082 00 - NÚMERO DE LA CLASIFICACIÓN DECIMAL DEWEY
Número de clasificación 891.862
049 ## - FONDOS LOCALES (OCLC)
Biblioteca depositaria GRAL
100 1# - ENTRADA PRINCIPAL--NOMBRE DE PERSONA
Nombre de persona Capek, Karel,
Fechas asociadas al nombre 1890-1938.
245 10 - MENCIÓN DEL TÍTULO
Título R.U.R. [Robots Universales Rossum] y el juego de los insectos /
Mención de responsabilidad, etc. [por] Josef y Karel Capek, traducción del Inglés por Consuelo Vázquez de Parga.
260 ## - PUBLICACIÓN, DISTRIBUCIÓN, ETC.
Lugar de publicación, distribución, etc. Madrid,
Nombre del editor, distribuidor, etc. Editorial Alianza
Fecha de publicación, distribución, etc. [1966]
300 ## - DESCRIPCIÓN FÍSICA
Extensión 220 p.
Dimensiones 18 cm.
440 #0 - MENCIÓN DE SERIE/PUNTO DE ACCESO ADICIONAL--TÍTULO
Título Libro de bolsillo. Sección literatura,
Designación de volumen o secuencia 20
500 ## - NOTA GENERAL
Nota general Translation of R.U.R. and The insect play.
500 ## - NOTA GENERAL
Nota general Original Czech title: R.U.R.-Ze zivota hmyzu.
500 ## - NOTA GENERAL
Nota general At head of cover title: Hermanos Capek.
700 1# - ENTRADA AGREGADA--NOMBRE PERSONAL
Nombre de persona Capek, Josef,
Fechas asociadas al nombre 1887-1945.
740 01 - ENTRADA AGREGADA--TÍTULO RELACIONADO/ANALÍTICO NO CONTROLADO
Título relacionado o analítico no controlado Juego de los insectos.
942 ## - ELEMENTOS DE ENTRADA SECUNDARIOS (KOHA)
Fuente del sistema de clasificación o colocación Clasificación de Library of Congress
Tipo de ítem Koha
994 ## -
-- C0
-- DRFGD
946 ## - PROCESAMIENTO DE INFORMACIÓN LOCAL (OCLC)
a clperez
Holdings
Estatus retirado Estado de pérdida Fuente del sistema de clasificación o colocación Estado de daño No para préstamo Colección Biblioteca de origen Biblioteca actual Ubicación en estantería Fecha de adquisición Serial enumeration / chronology Signatura topográfica completa Código de barras Visto por última vez Copia número Tipo de ítem Koha
    Clasificación de Library of Congress     Humanidades Biblioteca Juan Bosch Biblioteca Juan Bosch Humanidades (4to. Piso) 10/04/2023 1 PG 5038 C237r 1966 00000042733 25/10/2018 1